| 000 | 00928cab a2200253 4500 | ||
|---|---|---|---|
| 001 | ABS51982 | ||
| 008 | 090401t1994 xxu||||| |||| 00| 0 eng d | ||
| 035 | _a(Sirsi) u53716 | ||
| 041 | _aeng | ||
| 100 | _aWebster, K. | ||
| 245 | _aPositive approaches to development | ||
| 260 | _c1994 | ||
| 350 | _a0 | ||
| 490 |
_aPlanning Week _v2(48) 1 December 1994, 9(1) |
||
| 520 | _aThe White Paper "Competitiveness - helping businesses to win" introduces the idea that applicants for planning permission might pay a higher application fee to ensure speedier processing. Contends that this is negligible when compared with other factors in the development process. | ||
| 650 | _aCOMPETITIVENESS-HELPING BUSINESSES TO WIN | ||
| 650 | _aDEVELOPMENT BRIEFS | ||
| 650 | _aFEES | ||
| 650 | _aPLANNING APPLICATIONS | ||
| 650 | _aPLANNING CONTROLS | ||
| 690 | _aPLANNING LAW AND PRACTICE | ||
| 942 | _n0 | ||
| 948 | _c04/03/1997 | ||
| 999 |
_c33047 _d33047 |
||